The triumph of the capital markets

Brenner examines whether the 21st Century will be another American century; the financial and regulatory changes required to adjust to a more mobile world; religion and nationalism; the connection between democracy and financial markets; and the links between higher education and myths societies liv...

ver descrição completa

Na minha lista:
Detalhes bibliográficos
Autor principal: Brenner, Reuven
Outros Autores: Reuven Brenner
Idioma:Undetermined
English
Publicado em: New York London : Texere 2002
Assuntos:
Tags: Adicionar Tag
Sem tags, seja o primeiro a adicionar uma tag!
Thư viện lưu trữ: Trung tâm Học liệu Trường Đại học Trà Vinh
LEADER 01088nam a2200277Ia 4500
001 TVU_14432
008 210423s9999 xx 000 0 und d
020 |a 1587991306 
020 |a 9781587991301 
041 |a eng 
082 |a 332 
082 |b R207 
100 |a Brenner, Reuven 
245 4 |a The  
245 0 |b triumph of the capital markets 
245 0 |c Reuven Brenner 
260 |a New York 
260 |b London : Texere 
260 |c 2002 
300 |a xviii, 220 p. 
300 |c 24 cm 
504 |a Includes bibliographical references (p. [209]-212) and index 
520 |a Brenner examines whether the 21st Century will be another American century; the financial and regulatory changes required to adjust to a more mobile world; religion and nationalism; the connection between democracy and financial markets; and the links between higher education and myths societies live by. And all this is in clear, compelling writing that is devoid of jargon 
650 |a Finance; Democracy 
700 |a Reuven Brenner 
980 |a Trung tâm Học liệu Trường Đại học Trà Vinh